[Event "5th Open"]
[Site "Voronezh RUS"]
[Date "2001.06.16"]
[Round "5"]
[White "Kotenko,P"]
[Black "Bairachny,R"]
[Result "1/2-1/2"]
[WhiteElo "2306"]
[BlackElo "2428"]

1.e4 c5 2.Nf3 e6 3.d4 cxd4 4.Nxd4 Nc6 5.Nb5 d6 6.Bf4 e5 7.Be3 a6 8.N5c3 Nf6
9.Bc4 Be6 10.Nd5 Bxd5 11.Bxd5 Ne7 12.Nc3 Nexd5 13.Nxd5 Nxd5 14.Qxd5 Qc7 15.O-O Qc6
16.Rfd1 Rc8 17.Rac1 Qxd5 18.Rxd5 Rc4 19.f3 Be7 20.b3 Rc6 21.c4 Kd7 22.Kf2 Re8
23.Ke2 Bd8 24.Kd3 Bf6 25.Bb6  1/2-1/2

[Event "5th Open"]
[Site "Voronezh RUS"]
[Date "2001.06.19"]
[Round "7"]
[White "Kekov,A"]
[Black "Ulko,J"]
[Result "0-1"]
[WhiteElo "2347"]
[BlackElo "2480"]

1.e4 c5 2.Nf3 e6 3.d4 cxd4 4.Nxd4 Nc6 5.Nb5 d6 6.Bf4 e5 7.Be3 a6 8.N5c3 Nf6
9.Bc4 Be7 10.Nd5 Nxd5 11.Bxd5 O-O 12.Qd2 Be6 13.Nc3 Rc8 14.O-O Qc7 15.Rac1 Na5
16.Rfd1 Nc4 17.Bxc4 Qxc4 18.a3 b5 19.f3 f5 20.exf5 Rxf5 21.Nd5 Bxd5 22.Qxd5+ Qxd5
23.Rxd5 Kf7 24.c3 Ke6 25.Rcd1 h5 26.R1d3 Rc4 27.h3 g6 28.Bf2 Rf8 29.Be1 Ra4
30.Bd2 g5 31.Bc1 Rc4 32.b3 Rc6 33.Kh2 g4 34.hxg4 hxg4 35.Kg3 gxf3 36.gxf3 Rh8
37.Bd2 Rcc8 38.Kf2 Rh1 39.a4 Rch8 40.Ke3 bxa4 41.bxa4 R1h2 42.c4 Kf5  0-1

[Event "Hotel Lippa IM"]
[Site "Szentgotthard HUN"]
[Date "2001.06.23"]
[Round "11"]
[White "Nemeth,Mi"]
[Black "Kovac,B"]
[Result "1-0"]
[WhiteElo "2254"]
[BlackElo "2339"]

1.e4 c5 2.Nf3 e6 3.d4 cxd4 4.Nxd4 Nc6 5.Nb5 d6 6.c4 Nf6 7.N1c3 a6 8.Na3 Be7
9.g3 b6 10.Bg2 Bb7 11.O-O Qc7 12.b3 O-O 13.Bb2 Nd7 14.Nc2 Bf6 15.Ne3 Rac8
16.Qd2 Rfd8 17.Rfd1 Nc5 18.Ncd5 exd5 19.Bxf6 Ne7 20.Bxe7 Qxe7 21.exd5 b5
22.Re1 Qf6 23.Rac1 bxc4 24.Rxc4 Nd7 25.f4 Rc5 26.Bh3 h5 27.b4 Rxc4 28.Nxc4 Bc8
29.Na5 Nf8 30.Bg2 Ng6 31.Nc6 Rf8 32.a4 h4 33.b5 h3 34.Bf3 axb5 35.axb5 Bb7
36.Na5 Rb8 37.b6 Qd8 38.Qe3 Qd7 39.Nc6 Ra8 40.Qe2 Ba6 41.Qe4 Qb7 42.Qb1 Bc4
43.Qb4 Ba6 44.Bg4 Bd3 45.Qd4 Ra3 46.Re8+ Kh7 47.f5 Ne5 48.Bd1 g5 49.Nxe5 dxe5
50.Qxe5 Qxb6+ 51.Kh1 Be4+ 52.Qxe4 Qf6 53.Qg4 Qh6 54.Qd4 Qg7 55.f6 Qg6 56.Qg4  1-0

[Event "12th Open"]
[Site "Ljubljana SLO"]
[Date "2001.06.28"]
[Round "6"]
[White "Srebrnic,V"]
[Black "Basagic,Z"]
[Result "1/2-1/2"]
[WhiteElo "2207"]
[BlackElo "2345"]

1.e4 c5 2.Nf3 e6 3.d4 cxd4 4.Nxd4 Nc6 5.Nb5 d6 6.c4 Nf6 7.N1c3 a6 8.Na3 Be7
9.Be2 O-O 10.O-O b6 11.Be3 Bb7 12.f3 Nd7 13.Qd2 Kh8 14.Rfd1 g5 15.Nc2 Rc8
16.Rac1 Rg8 17.Ne1 Nce5 18.b3 h5 19.Nd3 Kh7 20.Nxe5 Nxe5 21.Bf1 Bc6 22.a4 Rb8
23.Bd3 Qf8 24.Kh1 Kh8 25.Rf1 Qg7 26.Bb1 Rgd8 27.Bd4 Bf6 28.Rcd1 Ng6 29.Ne2 e5
30.Be3 Nf4 31.Nc3 h4 32.h3 Ne6 33.Nd5 Bxd5 34.cxd5 Nc5 35.Qa2 a5 36.Bd3 Be7
37.Bxc5 bxc5 38.Bb5 Qg6 39.Qd2 Ra8 40.Qd3 Ra7 41.Rfe1  1/2-1/2

[Event "Open"]
[Site "Batumi GEO"]
[Date "2001.06.29"]
[Round "4"]
[White "Khukhashvili,S"]
[Black "Odisharia,T"]
[Result "1/2-1/2"]
[WhiteElo "2326"]
[BlackElo "2148"]

1.e4 c5 2.Nf3 e6 3.d4 cxd4 4.Nxd4 Nc6 5.Nb5 d6 6.c4 Nf6 7.N1c3 a6 8.Na3 Be7
9.Be2 O-O 10.Nc2 b6 11.O-O Bb7 12.Ne3 Rc8 13.Kh1 Qc7 14.f3 Rfd8 15.b3 Bf8
16.Bb2 Ne7 17.Rc1 Qb8 18.Qd4 Nc6 19.Qd2 Ne7 20.Qd4 Nc6 21.Qd2 Ne7 22.Ba3 d5
23.cxd5 Nexd5 24.Ncxd5 Bxa3 25.Rxc8 Qxc8 26.Nxf6+ gxf6 27.Qe1 Bf8 28.a4 Qc5
29.Ng4 Bg7 30.h3 f5  1/2-1/2

[Event "Aegean Open"]
[Site "Ikaros GRE"]
[Date "2001.07.08"]
[Round "2"]
[White "Spirakopoulos,I"]
[Black "Agopov,M"]
[Result "0-1"]
[WhiteElo "2218"]
[BlackElo "2381"]

1.e4 c5 2.Nf3 Nc6 3.d4 cxd4 4.Nxd4 e6 5.Nb5 d6 6.c4 Nf6 7.N1c3 a6 8.Na3 b6
9.Be2 Bb7 10.f4 Qc7 11.Be3 Be7 12.O-O O-O 13.Rc1 Nb8 14.Bf3 Nbd7 15.Qe2 h6
16.Rfd1 Rfe8 17.g4 Nh7 18.Qg2 g5 19.h4 gxh4 20.g5 hxg5 21.fxg5 Kh8 22.Kf2 Rg8
23.Qh3 Ne5 24.Qxh4 Rxg5 25.Qh3 f5 26.Rh1 Rg7 27.Rcg1 Rag8 28.Rxg7 Rxg7 29.Qh5 Nxf3
30.Kxf3 fxe4+ 31.Ke2 Qc8 32.Nd5 Bxd5 33.cxd5 e5 34.Kd2 b5 35.Rh2 Qg8 36.Kc2 Qxd5
37.Qe8+ Qg8 38.Qc6 d5 39.Qxa6 d4 40.Bh6 d3+  0-1

[Event "Open"]
[Site "Hyeres FRA"]
[Date "2001.07.12"]
[Round "8"]
[White "Delchev,A"]
[Black "Bernal Moro,L"]
[Result "1/2-1/2"]
[WhiteElo "2629"]
[BlackElo "2387"]

1.e4 c5 2.Nf3 e6 3.d4 cxd4 4.Nxd4 Nc6 5.Nb5 d6 6.Bf4 e5 7.Be3 a6 8.N5c3 Nf6
9.Bg5 Be7 10.Bxf6 Bxf6 11.Nd2 O-O 12.Nc4 Be6 13.Qxd6 Qe8 14.Nd5 Bxd5 15.Qxd5 Rd8
16.Qc5 Nd4 17.Bd3 Qe6 18.Qb4 Nxc2+ 19.Bxc2 Rd4 20.b3 b5 21.Rd1 Rfd8 22.Rxd4 Rxd4
23.O-O bxc4 24.bxc4 Qxc4 25.Qxc4 Rxc4 26.Bd3 Rc3 27.Bxa6 Bg5 28.Be2 Rc2 29.Rb1 Rc1+
30.Rxc1 Bxc1 31.Bc4 Ba3 32.Kf1 Kf8 33.Ke2 Ke7 34.Kd3 Bc5 35.f3 f6 36.a4 Kd6
37.Bg8 h6 38.Kc4 Bg1 39.h4 Bf2 40.h5 Bg1 41.a5 Bf2 42.a6 Ba7 43.Bd5 Bg1 44.Bb7 Ba7
45.Kd3 Kc5 46.g3 Bb8 47.f4 Kb6 48.Ke3 Bd6 49.Kf3 Bb4 50.Kg4 Be1 51.Bc8 Bf2
52.Kf3 Be1 53.g4 exf4 54.Kxf4 Bd2+ 55.Kf5 Bg5 56.Kg6 Ka7  1/2-1/2

[Event "Heart of Finland Open"]
[Site "Jyvaskyla FIN"]
[Date "2001.07.20"]
[Round "5"]
[White "Palmo,P"]
[Black "Issakainen,A"]
[Result "1/2-1/2"]
[WhiteElo "2078"]
[BlackElo "2222"]

1.e4 c5 2.Nf3 e6 3.d4 cxd4 4.Nxd4 Nc6 5.Nb5 d6 6.Bf4 e5 7.Be3 Nf6 8.Bg5 a6
9.N5c3 Be6 10.Nd2 b5 11.a4 b4 12.Nd5 Bxd5 13.exd5 Nb8 14.Nc4 Be7 15.a5 Nbd7
16.Be3 O-O 17.Be2 Qb8 18.Nb6 Nxb6 19.Bxb6 Qb7 20.Bc4 Rfc8 21.Bb3 Bd8 22.Be3 Qb5
23.Qe2 Bxa5 24.Qxb5 axb5 25.Ke2 Nd7 26.Rhc1 Bb6 27.Bd2 Bc5 28.Rxa8 Rxa8 29.c3 bxc3
30.Bxc3 Kf8 31.f3 Ke7 32.Bc2 b4 33.Bd2 Rb8 34.Ba4 Nb6 35.Bc6 Rc8 36.Kd3 Rc7
37.Ra1 h6 38.Ra6 Nc8 39.Kc4 Nb6+ 40.Kb3 Nd7 41.Ra8 f5  1/2-1/2

[Event "Heart of Finland Open"]
[Site "Jyvaskyla FIN"]
[Date "2001.07.21"]
[Round "8"]
[White "Nevanlinna,R"]
[Black "Haapasalo,JP"]
[Result "1-0"]
[WhiteElo "2338"]
[BlackElo "2167"]

1.e4 c5 2.Nf3 e6 3.d4 cxd4 4.Nxd4 Nc6 5.Nb5 d6 6.c4 Nf6 7.N1c3 a6 8.Na3 b6
9.Be2 Bb7 10.f4 d5 11.cxd5 exd5 12.e5 Ne4 13.Nxe4 dxe4 14.Be3 Bb4+ 15.Kf2 Qe7
16.Nc4 Rd8 17.Qb3 Nd4 18.Nd6+ Qxd6 19.Qa4+ Qc6 20.Qxb4 Nxe2 21.Kxe2 Qc2+
22.Kf1 Bc6 23.h3 Qd3+ 24.Kf2 Qc2+ 25.Kg3 Rd3 26.Rhe1 a5 27.Qxb6 O-O 28.Rac1 Qd2
29.Kh2  1-0

[Event "Czech Open"]
[Site "Pardubice CZE"]
[Date "2001.07.22"]
[Round "3"]
[White "Jonker,M"]
[Black "Shestoperov,A"]
[Result "1/2-1/2"]
[WhiteElo "2317"]
[BlackElo "2429"]

1.e4 e6 2.Nf3 c5 3.d4 cxd4 4.Nxd4 Nc6 5.Nb5 d6 6.c4 Nf6 7.N1c3 a6 8.Na3 Be7
9.Be2 O-O 10.O-O b6 11.Be3 Bb7 12.Qd2 Ne5 13.f3 d5 14.cxd5 exd5 15.exd5 Bxd5
16.Rfd1 Be6 17.Qxd8 Rfxd8 18.Nc2 b5 19.Bd4 Nc6 20.Bf2 Re8 21.Bf1 Rab8  1/2-1/2

[Event "Open"]
[Site "Novosibirsk RUS"]
[Date "2001.07.26"]
[Round "8"]
[White "Petrukhin,D"]
[Black "Popov,Ro2"]
[Result "1-0"]
[WhiteElo "2214"]
[BlackElo "2348"]

1.e4 c5 2.Nf3 e6 3.d4 cxd4 4.Nxd4 Nc6 5.Nb5 d6 6.c4 Nf6 7.N1c3 a6 8.Na3 Be7
9.Be3 b6 10.Be2 Bb7 11.O-O Ne5 12.f4 Ned7 13.Bf3 Qc7 14.Rc1 Rc8 15.Kh1 h6
16.Qe2 Qb8 17.Nc2 g5 18.f5 Ne5 19.Bh5 g4 20.fxe6 Nxh5 21.exf7+ Kf8 22.Nd4 Ng7
23.Nd5 Bxd5 24.exd5 Bg5 25.Ne6+ Nxe6 26.dxe6 Bxe3 27.Qxe3 Qc7 28.Rf6 Qe7
29.Rcf1 Kg7 30.Qf4 Qf8 31.b3 Rc7 32.Rf5 Re7 33.Rxe5 dxe5 34.Qxe5+ Kh7 35.Qf5+ Kg7
36.Qxg4+ Kh7 37.Rf6  1-0

[Event "Kochan Mem Open"]
[Site "Koszalin POL"]
[Date "2001.08.06"]
[Round "3"]
[White "Majdan,J"]
[Black "Sokolowski,R"]
[Result "0-1"]
[WhiteElo "2028"]
[BlackElo "2265"]

1.e4 c5 2.Nf3 e6 3.d4 cxd4 4.Nxd4 Nc6 5.Nb5 d6 6.c4 Nf6 7.Bg5 a6 8.Bxf6 gxf6
9.N5c3 Bd7 10.Be2 Rc8 11.O-O Rg8 12.Kh1 Qa5 13.f4 Be7 14.a3 Qc5 15.Nd2 Nd4
16.b4 Qa7 17.Rc1 f5 18.Qe1 fxe4 19.Ndxe4 Nf5 20.Bf3 Rxc4 21.Qe2 b5 22.Rfd1 Qc7
23.Qb2 d5 24.Nd2 Rc6 25.Re1 Qxf4 26.Bxd5 exd5 27.Nxd5 Rxc1 28.Qxc1 Qg5 29.Nc7+ Kf8
30.Re2 Ng3+  0-1

[Event "8th Open"]
[Site "Nice FRA"]
[Date "2001.08.06"]
[Round "1"]
[White "Madl,I"]
[Black "Perez,Fl"]
[Result "1/2-1/2"]
[WhiteElo "2420"]
[BlackElo "2124"]

1.e4 c5 2.Nf3 e6 3.d4 cxd4 4.Nxd4 Nc6 5.Nb5 d6 6.Bf4 e5 7.Be3 Nf6 8.Bg5 a6
9.Bxf6 gxf6 10.N5c3 Be6 11.Nd2 f5 12.exf5 Bxf5 13.Nc4 Nd4 14.Bd3 Bg6 15.O-O Bg7
16.f4 f5 17.Ne3 O-O 18.a4 Rc8 19.Kh1 Kh8 20.Ncd5 e4 21.Bc4 Bf7 22.Ba2 Bg8
23.c3 Ne6 24.Qe2 Nc5 25.Bc4 Bxd5 26.Bxd5 Qc7 27.a5 b5 28.axb6 Qxb6 29.Ra2 Nd3
30.Bc4 Rxc4 31.Nxc4 Qb3 32.Rxa6 Qxc4 33.Rxd6 Qc5  1/2-1/2

[Event "FSIMA August"]
[Site "Budapest HUN"]
[Date "2001.08.09"]
[Round "6"]
[White "Borisek,J"]
[Black "Erdelyi,Z"]
[Result "1-0"]
[WhiteElo "2258"]
[BlackElo "2230"]

1.e4 c5 2.Nf3 e6 3.d4 cxd4 4.Nxd4 Nc6 5.Nb5 d6 6.Bf4 e5 7.Be3 Nf6 8.Bg5 a6
9.Bxf6 gxf6 10.N5c3 f5 11.Nd2 Be6 12.Bc4 Qg5 13.g3 f4 14.Nd5 Bxd5 15.Bxd5 h5
16.c3 Rc8 17.Qb3 Rc7 18.O-O-O h4 19.Nf3 Qh6 20.g4 Bg7 21.Qb6 Kd7 22.Kb1 Qf6
23.Rd3 Rb8 24.Rhd1 Bf8 25.g5 Qg7 26.Rg1 Be7 27.Nxh4 Qh7 28.Nf3 Qg7 29.h4 Rcc8
30.h5 Bd8 31.Qb3 Na5 32.Qa4+ b5 33.Qd1 Bb6 34.h6 Qh7 35.Qe2 Ke7 36.Nh4 Nc4
37.Nf5+ Kf8 38.Bxc4 bxc4 39.Rxd6 Bc5 40.g6 fxg6 41.Rdxg6 Ba3 42.Rg8+ Qxg8
43.Rxg8+ Kxg8 44.Qg4+ Kf7 45.Qg7+ Ke6 46.Qg6+ Kd7 47.Qf7+ Kd8 48.h7 Rxb2+
49.Ka1 Rb1+ 50.Kxb1 Rb8+ 51.Kc2 Rb2+ 52.Kd1  1-0

[Event "Valoz Cup"]
[Site "Olomouc CZE"]
[Date "2001.08.09"]
[Round "11"]
[White "Calzetta,M"]
[Black "Dambrauskas,V"]
[Result "1/2-1/2"]
[WhiteElo "2308"]
[BlackElo "2319"]

1.e4 c5 2.Nf3 Nc6 3.d4 cxd4 4.Nxd4 e6 5.Nb5 d6 6.Bf4 e5 7.Be3 a6 8.N1c3 Nf6
9.Bg5 Be7 10.Bxf6 Bxf6 11.Bc4 O-O  1/2-1/2

[Event "Strange Badger"]
[Site "Bucharest ROM"]
[Date "2001.08.10"]
[Round "6"]
[White "Grigore,N"]
[Black "Trajkovic,P"]
[Result "1/2-1/2"]
[WhiteElo "2407"]
[BlackElo "2360"]

1.e4 c5 2.Nf3 e6 3.d4 cxd4 4.Nxd4 Nc6 5.Nb5 d6 6.c4 Nf6 7.N5c3 Be7 8.g3 Qc7
9.Bg2 a6 10.O-O O-O 11.Be3 Rb8 12.Nd2 Ne5 13.Rc1 Neg4 14.Bf4 e5 15.Bg5 h6
16.Nd5 Qd8 17.Bxf6 Nxf6 18.b4 Nxd5 19.exd5 b6 20.Re1 Qc7 21.Qe2 Bg5 22.Red1 Bf5
23.Rc3 a5 24.a3 Qd7 25.c5  1/2-1/2

[Event "Stork YM"]
[Site "Hengelo NED"]
[Date "2001.08.11"]
[Round "9"]
[White "Ginzburg,Mi"]
[Black "Kritz,L"]
[Result "1-0"]
[WhiteElo "2274"]
[BlackElo "2423"]

1.e4 c5 2.Nf3 e6 3.d4 cxd4 4.Nxd4 Nc6 5.Nb5 d6 6.Bf4 e5 7.Be3 Nf6 8.f3 a6
9.N5c3 Be6 10.Nd2 b5 11.Nb3 Na5 12.Bg5 Be7 13.Bxf6 gxf6 14.Nxa5 Qxa5 15.Qd2 f5
16.exf5 Bxf5 17.Bd3 Be6 18.Be4 Rc8 19.Rd1 h6 20.O-O b4 21.Nd5 f5 22.Nxe7 Qc5+
23.Kh1 Kxe7 24.Bd3 a5 25.Qe1 Rhf8 26.Qg3 Rf6 27.Qg7+ Bf7 28.Qh7 f4 29.Be4 Rf8
30.Rd5 Qb6 31.c4 bxc3 32.bxc3 Ke8 33.Rd2 Bg8 34.Qg7 Kd8 35.Rb1 Qc7 36.Qxc7+ Kxc7
37.Rb7+ Kc8 38.Ra7 Bc4 39.Rxa5 R8f7 40.Ra8+ Kd7 41.Ra4 Bb5 42.Ra5 Bc4 43.Ra4 Bb5
44.Ra7+ Kc8 45.Ra8+ Kd7 46.Rb2 d5 47.Bxd5 Bc6 48.Ra7+  1-0

[Event "Open"]
[Site "Presov SVK"]
[Date "2001.08.13"]
[Round "3"]
[White "Rigo,Z"]
[Black "Hasangatin,R"]
[Result "1/2-1/2"]
[WhiteElo "2340"]
[BlackElo "2482"]

1.e4 c5 2.Nf3 e6 3.d4 cxd4 4.Nxd4 Nc6 5.Nb5 Nf6 6.N1c3 Bb4 7.a3 Bxc3+ 8.Nxc3 d5
9.Bd3 d4 10.Ne2 e5 11.O-O O-O 12.h3 Be6 13.f4 exf4 14.Bxf4 Nd7 15.Qe1 Nde5
16.Qg3 f6 17.Bh6 Ng6 18.Bd2 Qd7 19.Rae1 Kh8 20.Nf4 Nge5 21.Kh1 Bf7 22.Rf2 Rae8
23.Bc1 a6 24.Bf1 Re7 25.b3 Rfe8 26.a4 Qd6 27.Rd1 Qc5 28.Rfd2 Ng6 29.Bd3 Nxf4
30.Qxf4 Bg6 31.Bb2 Bxe4 32.Bxe4 Rxe4 33.Qf2 Rd8 34.c3 Qd5 35.cxd4 Rde8 36.Qf3 Na5
37.Rd3 Kg8 38.Kh2 Nc6 39.Rc1 Nb4 40.Rc5 Qd6+ 41.Qg3 Qd8 42.Rc7 R4e7 43.Rdc3 Nd5
44.Rc8 Qd7 45.Rxe8+ Rxe8 46.Rc5 b6 47.Rc1 f5 48.Ba3 f4 49.Qd3 a5 50.Rc2 Qe6
51.Qb5 Qe4 52.Bd6 Rd8 53.Re2 Ne3 54.Qxb6 Re8 55.Rf2 h6 56.Qxa5 Re6 57.Bxf4 Nxg2
58.Bg3 Ne3 59.Qc7 Rf6 60.Bf4 Nd5 61.Qe5 Rxf4 62.Rxf4 Qxe5 63.dxe5 Nxf4 64.a5 Nd5
65.a6 Kf7 66.a7 Nc7 67.Kg3 Ke6 68.Kf4 g6 69.Ke4 g5 70.b4 h5 71.b5 Na8 72.Kd4 g4
73.hxg4 hxg4 74.Ke4  1/2-1/2

[Event "7th Stage Russian Cup"]
[Site "Togliatty RUS"]
[Date "2001.08.15"]
[Round "8"]
[White "Kokarev,D"]
[Black "Zakharstov,V"]
[Result "1/2-1/2"]
[WhiteElo "2463"]
[BlackElo "2496"]

1.e4 c5 2.Nf3 Nc6 3.d4 cxd4 4.Nxd4 e6 5.Nb5 d6 6.c4 Nf6 7.N1c3 a6 8.Na3 Be7
9.Be2 b6 10.O-O Bb7 11.f4 O-O 12.Be3 Re8 13.Bf3 Rc8 14.Rc1 Na5 15.Na4 Nd7
16.b4 d5 17.cxd5 Rxc1 18.Qxc1 Bxb4 19.Nc2 Bf8 20.dxe6 Rxe6 21.Nd4  1/2-1/2

[Event "FSGM August"]
[Site "Budapest HUN"]
[Date "2001.08.16"]
[Round "13"]
[White "Breder,D"]
[Black "Fogarasi,T"]
[Result "1-0"]
[WhiteElo "2411"]
[BlackElo "2449"]

1.e4 c5 2.Nf3 e6 3.d4 cxd4 4.Nxd4 Nc6 5.Nb5 d6 6.Bf4 e5 7.Be3 a6 8.N5c3 Nf6
9.Bc4 Be7 10.Nd5 Nxd5 11.Bxd5 O-O 12.O-O Bd7 13.Na3 b5 14.c3 Rb8 15.Nc2 a5
16.Qd2 h6 17.Rfe1 Kh7 18.Rad1 Qc7 19.f3 Nd8 20.Qf2 Bc6 21.a3 Ne6 22.g3 Bxd5
23.exd5 Ng5 24.Qg2 f5 25.h4 Nf7 26.Qh3 f4 27.gxf4 exf4 28.Bxf4 Ne5 29.Re4 Nc4
30.Bc1 Bf6 31.Kh1 Rbe8 32.Rde1 Re5 33.Nd4 Rxe4 34.Qf5+ Kg8 35.Qxe4 Bxd4 36.cxd4 a4
37.Rg1 Kh8 38.Rg6 Qf7 39.Kg2 Qf5 40.Re6 Kg8 41.Re8 Qf7 42.Re7 Qf6 43.Qe6+ Qxe6
44.dxe6 d5 45.Rd7 Re8 46.Rxd5 Rxe6 47.Rxb5 Re1 48.Bf4 Re2+ 49.Kg3 Rxb2 50.Rxb2 Nxb2
51.Bd6 Kf7 52.Kf4 Nc4 53.Bb4 g6 54.Ke4 h5 55.f4 Ke6 56.d5+ Kd7 57.Kd4 Nb2
58.Bc5 Nd1 59.Kd3  1-0

[Event "Ron Banwell Masters"]
[Site "London ENG"]
[Date "2001.08.24"]
[Round "7"]
[White "Konguvel,P"]
[Black "Mishra,N"]
[Result "0-1"]
[WhiteElo "2371"]
[BlackElo "2293"]

1.e4 c5 2.Nf3 e6 3.d4 cxd4 4.Nxd4 Nc6 5.Nb5 d6 6.c4 Nf6 7.N1c3 a6 8.Na3 Be7
9.Be2 O-O 10.O-O b6 11.Be3 Bb7 12.Rc1 Ne5 13.f3 Qc7 14.Qd2 Rac8 15.Rfd1 Rfd8
16.Kh1 Kh8 17.Na4 Ned7 18.b4 Ba8 19.Bf1 Qb7 20.Qf2 d5 21.exd5 Bxb4 22.Nc2 Bc5
23.dxe6 fxe6 24.Nd4 Re8 25.Nxc5 Nxc5 26.Nb3 e5 27.Bxc5 bxc5 28.Nxc5 Qc6 29.Ne4 Nxe4
30.fxe4 Qxe4 31.c5 Rf8 32.Qg3 Rf6 33.Bd3 Qc6 34.Re1 Re8 35.Be4 Qxe4 36.Rxe4 Bxe4
37.Qe3 Bc6 38.Kg1 h6 39.Rf1 Rg6 40.g3 Rg4 41.Qb3 Bb5 42.Rc1 Rg6 43.a4 Bc6
44.Qd3 e4 45.Qxa6 e3 46.Re1 Rf6 47.Qd3 Rf3 48.Qa6 Rf6 49.a5 Rd8 50.Rf1 Bf3
51.c6 e2 52.c7 exf1=Q+ 53.Qxf1 Rc8 54.Qd3 Bb7 55.h4 Rcf8 56.Qb5 Ba6 57.Qb8 Rf1+
58.Kg2 Kh7 59.g4 R1f2+ 60.Kg1 R2f4 61.Kh2 Bc8 62.Qb6 Rxg4 63.a6 Rxh4+ 64.Kg3 Rg4+
65.Kh2 Rf5 66.Qb1 g6  0-1

[Event "Open"]
[Site "Lisbon POR"]
[Date "2001.08.25"]
[Round "5"]
[White "Fernando,D"]
[Black "Mirzoev,A"]
[Result "1/2-1/2"]
[WhiteElo "2400"]
[BlackElo "2516"]

1.e4 c5 2.Nf3 e6 3.d4 cxd4 4.Nxd4 Nc6 5.Nb5 d6 6.Bf4 e5 7.Be3 a6 8.N5c3 Nf6
9.Nd2 Be6 10.Bg5 Be7 11.Bxf6 Bxf6 12.Nc4 O-O 13.Be2 Nd4 14.Ne3 Bg5 15.Ncd5 Rc8
16.c3 Nxe2 17.Qxe2 Rc5 18.O-O g6 19.Rad1 Bh6 20.Kh1 Qh4 21.Qd3 Kh8 22.a4 Rcc8
23.a5 Qd8 24.Nb6 Rc5 25.Nec4 Qc7 26.b3 Rd8 27.Qe2 f5 28.f3 Rf8 29.Rd3 Qe7
30.exf5 gxf5 31.Rfd1 e4 32.Rxd6 Bf4 33.Rxe6 Qxe6 34.g3 Bg5 35.Nd7 Rcc8 36.Nxf8 Rxf8
37.Rd6 Qe7 38.Rd5 exf3 39.Qxf3 f4 40.Re5 Qg7 41.g4 h6 42.Re4 Kg8 43.Nd6 h5
44.gxh5 Qd7 45.Rd4 Kh8 46.Rd5 Qe7 47.Ne4 Bh6 48.Rd6 Bg7 49.h6 Be5 50.Rg6 Qc7
51.h7 Bg7 52.Rg4 Qe5 53.Rg5 Qe6 54.c4 Re8 55.Nf2 Qc6 56.Rd5 Qc7 57.Nd3 Qf7
58.Qxf4 Re1+ 59.Kg2 Qg6+ 60.Kh3 Qe6+ 61.Kg2 Qg6+ 62.Kh3 Qe6+  1/2-1/2

[Event "5th Pablo Gorbea Mem Open"]
[Site "Madrid ESP"]
[Date "2001.09.07"]
[Round "2"]
[White "Korneev,O"]
[Black "Gomez Feria,J"]
[Result "1-0"]
[WhiteElo "2572"]
[BlackElo "2143"]

1.e4 c5 2.Nf3 e6 3.d4 cxd4 4.Nxd4 Nc6 5.Nb5 d6 6.Bf4 e5 7.Be3 Nf6 8.Bg5 Be6
9.Bxf6 gxf6 10.Nd2 a6 11.Nc3 Rc8 12.Nc4 Nd4 13.Ne3 Qa5 14.Bd3 Be7 15.O-O O-O
16.Ncd5 Qd8 17.c3 Nc6 18.Be2 Kh8 19.Bg4 Rg8 20.Bf5 Qf8 21.Qh5 Qg7 22.Qh3 Rce8
23.Nc7 Rd8 24.Bxe6 fxe6 25.Nxe6 Qg6 26.Nxd8 Nxd8 27.Rad1 Qxe4 28.Rfe1 Bf8
29.Nf5 Qc6 30.Ng3 d5 31.Qf5 Rg5 32.Qd3 e4 33.Nxe4 dxe4 34.Qxd8 Rg8 35.Qd5 Qb6
36.b4 Qc7 37.Re3 Bh6 38.Rxe4 Qxc3 39.Rc4 Qb2 40.Rh4 Bg5 41.Re4 Qc2 42.Re7 Rc8
43.Qd8+  1-0

[Event "EYCC G18"]
[Site "Halkidiki GRE"]
[Date "2001.09.08"]
[Round "8"]
[White "Berzina,I"]
[Black "Urosevic,M"]
[Result "1-0"]
[WhiteElo "2231"]
[BlackElo "2043"]

1.e4 c5 2.Nf3 e6 3.d4 cxd4 4.Nxd4 Nc6 5.Nb5 d6 6.c4 Nf6 7.N1c3 a6 8.Na3 b6
9.Be2 Bb7 10.Be3 Nb8 11.f3 Nbd7 12.O-O Be7 13.Rc1 O-O 14.Qd2 Qc7 15.Nc2 Rac8
16.Rfd1 Rfe8 17.Qe1 Qb8 18.Qf2 Bd8 19.Kh1 Bc7 20.Qg1 Kh8 21.Nb4 Rg8 22.Rd2 g5
23.Rcd1 Rg6 24.Bd4 Rh6 25.g3 d5 26.exd5 Bxg3 27.Bf1 Bf4 28.Ne4 Rg8 29.Rg2 Ne5
30.Be2 Nxe4 31.fxe4 f6 32.Nd3 Nxd3 33.Bxd3 exd5 34.exd5 b5 35.b3 bxc4 36.bxc4 g4
37.Rf1 g3 38.Rxf4 Qxf4 39.Be3 Rxh2+ 40.Qxh2 gxh2 41.Rxg8+ Kxg8 42.Bxf4  1-0

[Event "Battle of Crete Rapid"]
[Site "Panormo GRE"]
[Date "2001.09.21"]
[Round "4"]
[White "Stisis,Y"]
[Black "Mastrovasilis,D"]
[Result "1/2-1/2"]
[WhiteElo "2391"]
[BlackElo "2435"]

1.e4 c5 2.Nf3 e6 3.d4 cxd4 4.Nxd4 Nc6 5.Nb5 d6 6.c4 Nf6 7.N5c3 Be7 8.Be2 O-O
9.O-O a6 10.Be3 Re8 11.a3 Bf8 12.Nd2 b6 13.Qe1 Bb7 14.Na4 Nd7 15.Rd1 Nc5
16.Nc3 Ne5 17.b4 Ncd3 18.Bxd3 Nxd3 19.Qe2 Ne5 20.f4 Nd7 21.Qf2 Rc8 22.Rc1 g6
23.Rfd1 Ba8 24.Na4 b5 25.Nb6 Nxb6 26.Bxb6 Qd7 27.c5 dxc5 28.Bxc5 Bxc5 29.bxc5 Red8
30.Qe3 Qd3 31.Kf2 Kf8 32.Rc3 Qd7 33.Ke2 e5 34.fxe5 Qe6 35.Nf3 Rxd1 36.Kxd1 Qg4
37.Rc2 Bxe4 38.Rd2 Bc6 39.Ke1 Re8 40.Kf2 Qf5 41.Rd6 Bxf3 42.gxf3 Rxe5 43.Qc3 Qf4
44.Kg1 Qe3+ 45.Qxe3 Rxe3 46.c6 Rc3 47.c7 Rxc7 48.Rxa6 Rc2 49.Rb6 Rb2 50.a4 b4
51.a5 Kg7 52.a6 Ra2 53.Rxb4 Rxa6 54.Kg2 Kf6 55.Kg3 Ra5 56.Rb7 Rf5 57.Ra7 Kg5
58.h4+ Kh6 59.Rb7 Kg7 60.Ra7 Rb5 61.Ra6 h6 62.Rc6 Re5 63.Ra6 Re6 64.Ra8 Kf6
65.Rh8 h5 66.Ra8 Kf5 67.Ra4 Re5 68.Rf4+ Ke6 69.Ra4 Re1 70.Ra6+ Kf5 71.Ra5+ Re5
72.Ra4 f6 73.Rf4+ Ke6 74.Ra4 Re1 75.Ra6+ Kf5 76.Ra5+ Re5 77.Ra8 Rd5 78.Rb8 Rd1
79.Rb5+ Ke6 80.Rb6+ Ke5 81.Rb5+ Rd5 82.Rb8 Ke6 83.Ra8 Rd7 84.Rb8 Kf7 85.Rb5 Kg7
86.Rb6 Rd5 87.Ra6 Rf5 88.Ra8 g5 89.hxg5 fxg5 90.Rb8 Rf4 91.Ra8 Kg6 92.Rg8+ Kf6
93.Rf8+ Ke5 94.Rxf4 gxf4+ 95.Kh4 Kf5 96.Kxh5 Kf6 97.Kg4 Kg6  1/2-1/2

[Event "6th Wichern Open"]
[Site "Hamburg GER"]
[Date "2001.10.14"]
[Round "2"]
[White "Zacharias,C"]
[Black "Rahman,Zia"]
[Result "0-1"]
[WhiteElo "2201"]
[BlackElo "2468"]

1.e4 c5 2.Nf3 e6 3.d4 cxd4 4.Nxd4 Nc6 5.Nb5 d6 6.c4 Nf6 7.N5c3 Be7 8.Be2 b6
9.Be3 Bb7 10.O-O O-O 11.Nd2 Rc8 12.Rc1 Re8 13.Qa4 Nd7 14.Rfd1 Nc5 15.Qc2 Bf6
16.Qb1 Qe7 17.Nf3 Red8 18.Nd4 Nxd4 19.Bxd4 Bg5 20.Rc2 Nxe4 21.Nxe4 Bxe4 22.Bd3 Bg6
23.b3 Qb7 24.Qb2 e5 25.Bxg6 hxg6 26.Bc3 b5 27.Ba5 Rd7 28.cxb5 Rxc2 29.Qxc2 Qxb5
30.Qc8+ Kh7 31.Bc3 Rd8 32.Qg4 Bf6 33.h4 Qc6 34.Ba5 Re8 35.h5 gxh5 36.Qxh5+ Kg8
37.Qf3 e4 38.Qe3 d5 39.Qxa7 d4 40.Qb6 Qc2 41.Re1 d3 42.Qe3 Qxa2 43.b4 Bc3
44.Rf1 Qd5  0-1

[Event "5th Itau Cup"]
[Site "Sao Paulo BRA"]
[Date "2001.10.18"]
[Round "6"]
[White "Da Mata,L"]
[Black "Filgueira,H"]
[Result "0-1"]
[WhiteElo "2140"]
[BlackElo "2384"]

1.e4 c5 2.Nf3 e6 3.d4 cxd4 4.Nxd4 Nc6 5.Nb5 d6 6.c4 Nf6 7.N1c3 a6 8.Na3 Be7
9.Be2 b6 10.Be3 O-O 11.O-O Bb7 12.f3 Ne5 13.Qb3 Ned7 14.Rfd1 Qc7 15.Rd2 Rab8
16.Qd1 Kh8 17.Rc1 g5 18.Nc2 Rg8 19.Nd4 Rbc8 20.Rdc2 g4 21.Kh1 gxf3 22.gxf3 Qd8
23.Qf1 Rc5 24.Qf2 Rh5 25.Rg1 Rg6 26.Rcc1 Bf8 27.Rxg6 hxg6 28.Kg1 Rh7 29.Nb3 Be7
30.Rd1 e5 31.Na4 b5 32.cxb5 Nh5 33.bxa6 Bc6 34.Nc3 Bg5 35.Nd5 Bxd5 36.Rxd5 Bxe3
37.Qxe3 Nf4 38.a7 Nxd5 39.exd5 Nb6 40.Na5 Na8 41.Nc6 Qh4 42.Qf2 Qg5+ 43.Kh1 Qd2
44.b4 Qxd5 45.b5 Qxa2 46.Qe3 Kg7 47.Kg2 Rh8 48.Kg3 Qa4 49.Qe4 Qa1 50.Kg2 Qb2
51.h3 Nb6 52.Nb8 Qa2 53.Nc6 Nd5 54.Kg3 Nc3 55.Qc4 Nxe2+  0-1

[Event "Open"]
[Site "Le Touquet FRA"]
[Date "2001.10.27"]
[Round "?"]
[White "Pelle,G"]
[Black "Collas,D"]
[Result "1-0"]
[WhiteElo "2254"]
[BlackElo "2414"]

1.e4 c5 2.Nf3 e6 3.d4 cxd4 4.Nxd4 Nc6 5.Nb5 d6 6.c4 Nf6 7.N1c3 a6 8.Na3 Be7
9.Be2 O-O 10.O-O b6 11.Be3 Ne5 12.Rc1 Bb7 13.f3 Qb8 14.Qb3 Ned7 15.Rfd1 Bd8
16.Kh1 Bc7 17.Bg1 Nh5 18.Rd4 Qd8 19.Bf2 Qg5 20.Qd1 b5 21.Nc2 bxc4 22.Rxc4 Rfc8
23.Rb4 Rcb8 24.Ne3 Bb6 25.Qd2 Bc5 26.Rb3 Qh6 27.Kg1 Nf4 28.Bf1 Ne5 29.Kh1 Nh5
30.Ne2 Nf4 31.Ng3 Qg5 32.Nc4 Nxc4 33.Rxc4 Bxf2 34.Qxf2 Qd8 35.Rcb4 Bc6 36.Rxb8 Rxb8
37.Rxb8 Qxb8 38.Bxa6 h5 39.Qd2 d5 40.exd5 Bxd5 41.b3 h4 42.Ne2 Nxe2 43.Bxe2 h3
44.gxh3 Qa7 45.Kg2 Qa3 46.Bc4 Bxc4 47.bxc4 Qc5 48.Qd8+ Kh7 49.Qd3+ g6 50.h4 Kg8
51.a4 Qb4 52.Qc2 Kf8 53.Kh3 Qa3 54.Kg3 Qa1 55.Kg2 Qd4 56.c5 Qxh4 57.c6 Qg5+
58.Kf1 Qf4 59.Qc5+ Ke8 60.c7 Qxf3+ 61.Ke1 Qe4+ 62.Kd2 Qg2+ 63.Kc3 Qf3+ 64.Kb4 Qe4+
65.Ka5 Qa8+ 66.Kb6 Kd7 67.a5 e5 68.a6 f5 69.c8=Q+  1-0

[Event "WYB14"]
[Site "Oropesa del Mar ESP"]
[Date "2001.11.01"]
[Round "10"]
[White "Lenic,L"]
[Black "Meszaros,Mi"]
[Result "1/2-1/2"]
[WhiteElo "2106"]
[BlackElo "2252"]

1.e4 c5 2.Nf3 e6 3.d4 cxd4 4.Nxd4 Nc6 5.Nb5 d6 6.Bf4 e5 7.Be3 Nf6 8.Bg5 a6
9.N5c3 Be7 10.Bxf6 gxf6 11.Qh5 Be6 12.Bd3 Qd7 13.Nd5 Bd8 14.Nbc3 Nd4 15.O-O f5
16.exf5 Bxf5 17.Bxf5 Qxf5 18.Qxf5 Nxf5 19.f4 Nd4 20.fxe5 dxe5 21.Rae1 Nc6
22.Ne4 O-O 23.c3 f5 24.Nc5 Rf7 25.Ne6 Be7 26.Kh1 h6 27.Ne3 Rf6 28.Nc7 Raf8
29.Ncd5 R6f7 30.Nxe7+ Nxe7 31.g4 Kh7 32.h3 b5 33.gxf5 Nxf5 34.Nxf5 Rxf5 35.Rxf5 Rxf5  1/2-1/2

[Event "EuTChw"]
[Site "Leon ESP"]
[Date "2001.11.07"]
[Round "2"]
[White "Petrenko,S"]
[Black "Prudnikova,S"]
[Result "1/2-1/2"]
[WhiteElo "2336"]
[BlackElo "2411"]

1.e4 c5 2.Nf3 e6 3.d4 cxd4 4.Nxd4 Nc6 5.Nb5 d6 6.c4 Nf6 7.N1c3 a6 8.Na3 Be7
9.Be2 b6 10.O-O Bb7 11.Be3 Ne5 12.f4 Ned7 13.Bf3 Qc7 14.Rc1 O-O 15.Nab1 Rac8
16.Nd2 Qb8 17.Qe2 Bc6  1/2-1/2